Detalles MARC
| 000 -LIDER |
| fixed length control field |
01525nam a22003137a 4500 |
| 001 - NÚMERO DE CONTROL |
| Identificador de número de control |
00260 |
| 003 - IDENTIFICACDOR DE NÚMERO DE CONTROL |
| control field |
DO-SdBNP |
| 005 - DATE AND TIME OF LATEST TRANSACTION |
| control field |
20151217115341.0 |
| 008 - ELEMENTOS DE LONGITUD FIJA |
| fixed length control field |
151217b 2011 sp xxu||||| |||| 00| 0 spa d |
| 020 ## - ISBN |
| International Standard Book Number |
9789586642354 |
| 040 ## - FUENTE DE CATALOGACIÓN |
| Agencia que crea de manera original el registro |
BPMSU |
| Idioma de catalogación |
sp |
| Agencia que realiza la transcripción |
BPMSU |
| 092 ## - LOCALLY ASSIGNED DEWEY DECIMAL CALL NUMBER |
| Número de clasificación |
xxxxx |
| Número de ítem (Cutter) |
xxxxx |
| 110 1# - ASIENTO PRINCIPAL--NOMBRE CORPORATIVO |
| Unidad subordinada |
aBanco de la República. |
| -- |
Museo de Arte Banco de la Republica (Bogotá) |
| 245 10 - MENCIÓN DE TITULO |
| Título |
León Ferrari / |
| Mención de responsabilidad |
Museo de Arte Banco de la República, 30 de marzo al 4 de julio de 2011 ; Fundación Augusto y León Ferrari Arte y Acervo ; coordinación curatorial María Wills Londoño ; fotografía Adrián Rocha Novoa ... [et al.]. |
| 250 ## - MENCIÓN DE EDICION |
| Mención de edición |
Edición Julieta Zamorano Ferrari, Paloma Zamorano Ferrari. |
| 260 ## - PUBLICACIÓN, DISTRIBUCIÓN, ETC. (PIE DE IMPRENTA) |
| Lugar de publicación, distribución, etc |
Bogotá : |
| Nombre del editor, distribuidor, etc. |
Banco de la República, |
| Fecha de publicación, distribución, etc |
2011. |
| 300 ## - DESCRIPCIÓN FÍSICA |
| Extensión |
165 p. : |
| Otros detalles físicos |
il., |
| Dimensiones |
27 cm. |
| 490 1# - MENCIÓN DE SERIES |
| Mención de serie |
Banco de la República |
| 505 0# - NOTA DE CONTENIDO |
| Texto normalizado de contenido |
Acerca de la Fundación Augusto y León Ferrari Arte y Acervo --<br/>El poder de las imágenes: León Ferrari y los públicos de arte / Andrea Giunta --<br/>Arte y poder / León Ferrari --<br/>Diarios --<br/>Prismas y rectángulos --<br/>Brasil --<br/>La palabra --<br/>Eva --<br/>Música --<br/>Cabeza de Leon / Miguel Rep --<br/>Augusto Ferrari. |
| 700 12 - ASIENTO SECUNDARIO -- NOMBRE PERSONAL |
| Nombre personal |
Wills, María Emma |
| 700 12 - ASIENTO SECUNDARIO -- NOMBRE PERSONAL |
| Nombre personal |
Rocha Novoa, Adrián, |
| Mención de responsabilidad |
fot. |
| 700 12 - ASIENTO SECUNDARIO -- NOMBRE PERSONAL |
| Nombre personal |
Zamorano Ferrari, Julieta, |
| Mención de responsabilidad |
ed. |
| 700 12 - ASIENTO SECUNDARIO -- NOMBRE PERSONAL |
| Nombre personal |
Zamorano Ferrari, Paloma, |
| Mención de responsabilidad |
ed. |
| 710 ## - ASIENTO SECUNDARIO -- NOMBRE CORPORATIVO |
| Nombre corporativo o de jurisdicción |
Fundación Augusto y León Ferrari Arte y Acervo. |
| 830 #0 - ASIENTO SECUNDARIO DE SERIE--TÍTULO UNIFORME |
| Título uniforme |
Banco de la República |
| 910 ## - VALIDACIÓN |
| Validación |
00260 |
| 942 ## - ADDED ENTRY ELEMENTS (KOHA) |
| Source of classification or shelving scheme |
Dewey Decimal Classification |
| Koha item type |
Libros |
| 956 ## - LOCAL ELECTRONIC LOCATION AND ACCESS (OCLC) |
| Nombre de host |
Lorenza Pérez |
| Número de acceso |
10 |